| 000 | 00680nam a22001937a 4500 | ||
|---|---|---|---|
| 003 | AM-YEHGA | ||
| 005 | 20250617164817.0 | ||
| 008 | 220406s1962 ru fr||| |||| 00rus rus d | ||
| 040 | _aAM-YeHGA | ||
| 041 | 0 | _arus | |
| 100 | 1 | _aЛуценко, Константин Петрович. | |
| 245 | 1 | 0 |
_aОрганизация и судейство соревнований по радиоспорту / _cК. Луценко |
| 260 |
_aМосква : _bИзд-во ДОСААФ, _c1962 |
||
| 300 |
_a100 с. : _bсхем. ; _c21 см. |
||
| 653 | 0 | _aРадиолюбительство - Соревнования | |
| 942 |
_2udc _cBK |
||
| 001 | 1827756 | ||
| 090 | _c568391 | ||
| 999 |
_c529905 _d529905 |
||